| 000 | 01066cam a2200289 i 4500 | ||
|---|---|---|---|
| 999 |
_c31383 _d31383 |
||
| 001 | 22838835 | ||
| 003 | PACU | ||
| 005 | 20221105161319.0 | ||
| 008 | 221024s2021 ke a b 000 0 eng | ||
| 010 | _a 2022322821 | ||
| 020 | _a9789966817839 | ||
| 040 |
_aDLC _beng _cDLC _erda |
||
| 042 |
_alcode _apcc |
||
| 050 |
_aHD7287 _b.M33 2021 |
||
| 100 | 1 | _aMbaka, Charity. | |
| 245 | 1 | 0 |
_aAnalysis of the housing status and access to basic infrastructure in Nairobi City County : _bdisparities and level of deprivation / _cCharity Mbaka, Humphrey Njogu. |
| 264 | 1 |
_aNairobi, Kenya : _bKenya Institute for Public Research and Analysis, _c2021. |
|
| 300 |
_avii, 76 pages : _bcolor illustrations ; _c25 cm. |
||
| 336 |
_atext _btxt _2rdacontent |
||
| 337 |
_aunmediated _bn _2rdamedia |
||
| 338 |
_avolume _bnc _2rdacarrier |
||
| 490 | 0 |
_aKIPPRA discussion paper ; _vno. 269 |
|
| 504 | _aIncludes bibliographical references (pages 69-74). | ||
| 650 |
_aHousing _xSocial Aspects |
||
| 942 |
_2lcc _cSPEC _hHD7287 _i.M33 2021 |
||